Normal view
MARC view
- Shah, Sirat Ullah
Entry Personal Name
001 - CONTROL NUMBER
- control field: 16261
003 - CONTROL NUMBER IDENTIFIER
- control field: NUST
005 - DATE AND TIME OF LATEST TRANSACTION
- control field: 20190702052245.0
008 - FIXED-LENGTH DATA ELEMENTS
- fixed length control field: 190702|| aca||aabn | a|a d
040 ## - CATALOGING SOURCE
- Original cataloging agency: NUST
- Transcribing agency: NUST
100 ## - HEADING--PERSONAL NAME
- Personal name: Shah, Sirat Ullah
670 ## - SOURCE DATA FOUND
- Source citation: Work cat.: (NUST): Shah, Sirat Ullah, Code Development & Analysis of Flow Past Flapping Cambered Airfoil. Using Delaunay Graph Mesh Deformation Method /, 2016.
